| 000 | 00406cam a22001337a 4500 | ||
|---|---|---|---|
| 008 | 180718b1986 xxu||||| |||| 00| 0 eng d | ||
| 082 | _aKx54 R18 | ||
| 245 |
_aRecent experiences in human resources development _cedited by T.V. Rao and D.F. Pereira |
||
| 260 |
_aNew Delhi _bOxford & IBH _c1986 |
||
| 300 | _a448p. | ||
| 650 | _aPersonnel management - India | ||
| 700 | _aPereira, D.F. | ||
| 700 | _aRao, T.V. | ||
| 999 |
_c352414 _d352414 |
||